| 000 | 00480nam a2200193Ia 4500 | ||
|---|---|---|---|
| 008 | 220531s9999 xx 000 0 und d | ||
| 041 | _aeng | ||
| 082 |
_a338.5 _bBUS / DRA |
||
| 100 |
_aDransfield, R. _963708 |
||
| 245 | _aBusiness Economics | ||
| 250 | _a1ST | ||
| 260 |
_aNew York _bRoutledge _c2014 |
||
| 300 | _a486 | ||
| 542 | _d22-04-2015 | ||
| 551 |
_aEconomics _bGrantebal-E |
||
| 650 |
_aEconomics _963709 |
||
| 906 |
_d2015-2016 _f8177 |
||
| 999 |
_c36168 _d36168 |
||